[Event "WCO 2016"]
[Site "?"]
[Date "2016.09.11"]
[Round "9"]
[Board "2"]
[WhiteID "7900856"]
[White "Belouadah Saad"]
[BlackID "9901302"]
[Black "Kavinda Akila"]
[Result "1-0"]
[BlackElo "2020"]
[WhiteElo "2340"]
[LiveChessVersion "1.4.8"]

1. d4 {[%clk 1:30:32]} d6 {[%clk 1:30:47]} 2. e4 {[%clk 1:30:32]} g6
{[%clk 1:31:10]} 3. Nc3 {[%clk 1:30:47]} Bg7 {[%clk 1:31:35]} 4. Be3
{[%clk 1:30:56]} a6 {[%clk 1:32:00]} 5. a4 {[%clk 1:30:51]} Nf6 {[%clk 1:17:45]}
6. f3 {[%clk 1:23:47]} Nc6 {[%clk 1:14:41]} 7. Bc4 {[%clk 1:18:41]} O-O
{[%clk 1:13:30]} 8. Nge2 {[%clk 1:18:28]} e6 {[%clk 1:05:47]} 9. Ba2
{[%clk 1:15:22]} e5 {[%clk 0:55:13]} 10. O-O {[%clk 1:13:59]} exd4
{[%clk 0:45:35]} 11. Nxd4 {[%clk 1:13:46]} Nb4 {[%clk 0:42:33]} 12. Bb3
{[%clk 0:58:16]} Re8 {[%clk 0:37:44]} 13. Bg5 {[%clk 0:53:14]} h6
{[%clk 0:21:14]} 14. Bh4 {[%clk 0:52:47]} c6 {[%clk 0:16:47]} 15. a5
{[%clk 0:38:17]} d5 {[%clk 0:16:12]} 16. exd5 {[%clk 0:35:43]} g5
{[%clk 0:16:32]} 17. Bf2 {[%clk 0:35:51]} Nbxd5 {[%clk 0:15:38]} 18. Bxd5
{[%clk 0:32:39]} Nxd5 {[%clk 0:15:41]} 19. Ne4 {[%clk 0:32:58]} f5
{[%clk 0:12:19]} 20. Ng3 {[%clk 0:30:58]} f4 {[%clk 0:07:29]} 21. Ne4
{[%clk 0:30:33]} g4 {[%clk 0:02:35]} 22. Re1 {[%clk 0:29:07]} h5 {[%clk 0:02:27]}
23. c3 {[%clk 0:29:07]} gxf3 {[%clk 0:02:27]} 24. Qxf3 {[%clk 0:28:24]} Bg4
{[%clk 0:02:52]} 25. Qd3 {[%clk 0:28:48]} h4 {[%clk 0:00:48]} 26. h3
{[%clk 0:23:32]} Bh5 {[%clk 0:00:54]} 27. Nf5 {[%clk 0:22:46]} Be5
{[%clk 0:00:33]} 28. Bxh4 {[%clk 0:22:55]} Qd7 {[%clk 0:00:33]} 29. Ng5
{[%clk 0:18:40]} Bg6 {[%clk 0:00:40]} 30. Ne7+ {[%clk 0:18:58]} Rxe7
{[%clk 0:00:48]} 31. Qxg6+ {[%clk 0:19:27]} Rg7 {[%clk 0:01:06]} 32. Qe6+
{[%clk 0:18:43]} Qxe6 {[%clk 0:01:17]} 33. Nxe6 {[%clk 0:19:11]} Bd6
{[%clk 0:00:37]} 34. Nxg7 {[%clk 0:19:33]} Kxg7 {[%clk 0:01:03]} 35. Rad1
{[%clk 0:19:37]} Bc5+ {[%clk 0:00:48]} 36. Bf2 {[%clk 0:19:58]} Bf8
{[%clk 0:00:38]} 37. Re4 {[%clk 0:19:13]} Ne3 {[%clk 0:00:40]} 38. Rd7+
{[%clk 0:11:46]} Kg6 {[%clk 0:00:54]} 39. Rxf4 {[%clk 0:12:07]} Re8
{[%clk 0:01:02]} 40. Bxe3 {[%clk 0:42:32]} Rxe3 {[%clk 0:31:24]} 41. Rxf8
{[%clk 0:42:59]} 1-0

[Event "WCO 2016"]
[Site "?"]
[Date "2016.09.11"]
[Round "9"]
[Board "3"]
[WhiteID "9901566"]
[White "Priyankara Chamil"]
[BlackID "7900325"]
[Black "Bengherabi Khalil"]
[Result "1/2-1/2"]
[BlackElo "2241"]
[WhiteElo "2015"]
[LiveChessVersion "1.4.8"]

1. d4 {[%clk 1:30:46]} Nf6 {[%clk 1:30:32]} 2. c4 {[%clk 1:31:14]} e6
{[%clk 1:30:57]} 3. Nf3 {[%clk 1:31:40]} d5 {[%clk 1:31:22]} 4. cxd5
{[%clk 1:29:24]} exd5 {[%clk 1:31:45]} 5. Nc3 {[%clk 1:29:52]} c6
{[%clk 1:32:07]} 6. Qc2 {[%clk 1:29:29]} Nbd7 {[%clk 1:32:13]} 7. Bg5
{[%clk 1:29:43]} Be7 {[%clk 1:32:36]} 8. e3 {[%clk 1:30:10]} O-O {[%clk 1:33:00]}
9. Bd3 {[%clk 1:30:38]} Re8 {[%clk 1:33:24]} 10. h3 {[%clk 1:27:45]} Nf8
{[%clk 1:29:07]} 11. O-O {[%clk 1:27:54]} Ng6 {[%clk 1:26:02]} 12. Bxf6
{[%clk 1:18:23]} Bxf6 {[%clk 1:26:26]} 13. b4 {[%clk 1:18:51]} Qd6
{[%clk 1:12:52]} 14. Rab1 {[%clk 1:18:56]} Bd8 {[%clk 1:07:50]} 15. Rfc1
{[%clk 1:19:12]} Qf6 {[%clk 1:07:36]} 16. Qd1 {[%clk 1:17:12]} Re6
{[%clk 0:59:05]} 17. b5 {[%clk 1:12:07]} Nh4 {[%clk 0:57:50]} 18. Nxh4
{[%clk 1:06:38]} Qxh4 {[%clk 0:58:15]} 19. bxc6 {[%clk 1:04:03]} bxc6
{[%clk 0:58:38]} 20. Bf5 {[%clk 0:44:24]} Rf6 {[%clk 0:55:36]} 21. g3
{[%clk 0:39:55]} Qg5 {[%clk 0:39:28]} 22. Bxc8 {[%clk 0:40:18]} Rxc8
{[%clk 0:39:55]} 23. Qg4 {[%clk 0:28:25]} Qxg4 {[%clk 0:36:16]} 24. hxg4
{[%clk 0:28:54]} Ra8 {[%clk 0:32:14]} 25. Rb7 {[%clk 0:27:58]} g5
{[%clk 0:31:07]} 26. Na4 {[%clk 0:26:16]} a5 {[%clk 0:20:00]} 27. Nb6
{[%clk 0:21:44]} Ra6 {[%clk 0:18:41]} 28. Nxd5 {[%clk 0:14:13]} cxd5
{[%clk 0:14:42]} 29. Rc8 {[%clk 0:14:37]} Rfd6 {[%clk 0:12:58]} 30. Rbb8
{[%clk 0:14:48]} Kf8 {[%clk 0:13:23]} 31. Rxd8+ {[%clk 0:14:35]} Ke7
{[%clk 0:13:52]} 32. Rxd6 Kxd6 {[%clk 0:14:04]} 33. a4 {[%clk 0:10:48]} h6
{[%clk 0:13:34]} 34. Kg2 {[%clk 0:10:00]} Kd7 {[%clk 0:12:49]} 35. Kf3
{[%clk 0:09:41]} Ke7 {[%clk 0:12:17]} 36. Rb5 {[%clk 0:08:42]} Kd6
{[%clk 0:11:38]} 37. Ke2 {[%clk 0:04:50]} f6 {[%clk 0:08:19]} 38. Kd3
{[%clk 0:03:42]} Ra8 {[%clk 0:06:57]} 39. Rb6+ {[%clk 0:03:56]} Ke7
{[%clk 0:07:14]} 40. e4 {[%clk 0:32:14]} dxe4+ {[%clk 0:37:28]} 41. Kxe4
{[%clk 0:32:43]} Rc8 {[%clk 0:37:51]} 42. Ra6 {[%clk 0:22:45]} Rc2
{[%clk 0:37:57]} 43. f3 {[%clk 0:17:48]} Re2+ {[%clk 0:34:59]} 44. Kd3
{[%clk 0:17:48]} Rg2 {[%clk 0:35:21]} 45. Ke3 {[%clk 0:18:07]} h5
{[%clk 0:30:02]} 46. gxh5 {[%clk 0:18:18]} Rxg3 {[%clk 0:30:30]} 47. Rxa5
{[%clk 0:18:01]} Rh3 {[%clk 0:30:48]} 48. Ke4 {[%clk 0:15:08]} Rxh5
{[%clk 0:31:05]} 49. Ra8 {[%clk 0:14:48]} Ke6 {[%clk 0:29:09]} 50. Ra6+
{[%clk 0:14:05]} Ke7 {[%clk 0:29:21]} 51. a5 {[%clk 0:09:46]} Rh4+
{[%clk 0:26:40]} 52. Kd5 {[%clk 0:09:34]} f5 {[%clk 0:24:17]} 53. Ke5
{[%clk 0:08:36]} g4 {[%clk 0:24:14]} 54. Ra7+ {[%clk 0:07:01]} Kf8
{[%clk 0:24:33]} 55. fxg4 {[%clk 0:06:17]} fxg4 {[%clk 0:21:14]} 56. Ra8+
{[%clk 0:03:37]} Kg7 {[%clk 0:21:38]} 57. a6 {[%clk 0:03:51]} Rh3
{[%clk 0:15:27]} 58. Kf4 {[%clk 0:03:25]} Rd3 {[%clk 0:15:43]} 59. Rd8
{[%clk 0:02:13]} Ra3 {[%clk 0:15:09]} 60. Rd7+ {[%clk 0:01:52]} Kf6
{[%clk 0:12:35]} 61. Rd6+ {[%clk 0:01:57]} Ke7 {[%clk 0:11:55]} 62. Rg6
{[%clk 0:01:22]} Kf7 {[%clk 0:11:44]} 63. Rb6 {[%clk 0:00:40]} g3
{[%clk 0:12:04]} 64. a7 {[%clk 0:00:36]} g2 {[%clk 0:12:11]} 65. Rb7+
{[%clk 0:00:41]} Kf6 {[%clk 0:12:21]} 66. Rb6+ {[%clk 0:01:01]} Kf7
{[%clk 0:12:46]} 67. Rb7+ {[%clk 0:00:44]} Kf6 {[%clk 0:13:10]} 1/2-1/2

[Event "WCO 2016"]
[Site "?"]
[Date "2016.09.11"]
[Round "9"]
[Board "4"]
[WhiteID "7903715"]
[White "Talbi Chafik"]
[BlackID "9904166"]
[Black "Lamawansa Yasas"]
[Result "1-0"]
[BlackElo "2052"]
[WhiteElo "2184"]
[LiveChessVersion "1.4.8"]

1. e4 {[%clk 1:30:57]} c5 {[%clk 1:30:52]} 2. c3 {[%clk 1:31:21]} d6
{[%clk 1:31:19]} 3. d4 {[%clk 1:31:42]} Nf6 {[%clk 1:31:42]} 4. Bd3
{[%clk 1:31:53]} g6 {[%clk 1:32:01]} 5. h3 {[%clk 1:32:02]} Bg7 {[%clk 1:32:09]}
6. Nf3 {[%clk 1:32:24]} O-O {[%clk 1:31:58]} 7. O-O {[%clk 1:32:47]} Qc7
{[%clk 1:31:49]} 8. Be3 {[%clk 1:31:32]} Rd8 {[%clk 1:31:48]} 9. Qe2
{[%clk 1:31:02]} b6 {[%clk 1:31:34]} 10. Nbd2 {[%clk 1:28:48]} Bb7
{[%clk 1:31:43]} 11. a4 {[%clk 1:24:54]} a6 {[%clk 1:31:01]} 12. Bf4
{[%clk 1:23:02]} Nbd7 {[%clk 1:28:04]} 13. Bh2 {[%clk 1:17:41]} e5
{[%clk 1:26:26]} 14. dxe5 {[%clk 0:55:24]} dxe5 {[%clk 1:25:12]} 15. Bc4
{[%clk 0:54:49]} Rf8 {[%clk 1:23:02]} 16. g4 {[%clk 0:49:12]} Ne8
{[%clk 1:19:28]} 17. Bd3 {[%clk 0:43:33]} Nd6 {[%clk 1:09:10]} 18. Nc4
{[%clk 0:43:16]} Rfe8 {[%clk 1:02:24]} 19. Rfd1 {[%clk 0:42:29]} Nxc4
{[%clk 1:00:45]} 20. Bxc4 {[%clk 0:42:53]} Nf8 {[%clk 0:58:25]} 21. Rd3
{[%clk 0:34:45]} Ne6 {[%clk 0:56:24]} 22. Rad1 {[%clk 0:34:52]} Bc6
{[%clk 0:56:15]} 23. b3 {[%clk 0:28:15]} b5 {[%clk 0:52:18]} 24. axb5
{[%clk 0:27:11]} axb5 {[%clk 0:52:46]} 25. Bd5 {[%clk 0:27:32]} Nf4
{[%clk 0:47:37]} 26. Bxf4 {[%clk 0:26:50]} exf4 {[%clk 0:48:05]} 27. c4
{[%clk 0:25:26]} Ra3 {[%clk 0:43:45]} 28. Qc2 {[%clk 0:20:24]} b4
{[%clk 0:40:45]} 29. Kg2 {[%clk 0:16:06]} h6 {[%clk 0:39:38]} 30. Bxc6
{[%clk 0:14:07]} Qxc6 {[%clk 0:37:58]} 31. Rd8 {[%clk 0:14:27]} Rxd8
{[%clk 0:36:22]} 32. Rxd8+ {[%clk 0:14:41]} Kh7 {[%clk 0:36:44]} 33. Rd5
{[%clk 0:13:14]} Qa6 {[%clk 0:23:50]} 34. e5 {[%clk 0:11:05]} Ra2
{[%clk 0:23:27]} 35. Qe4 {[%clk 0:10:31]} Rb2 {[%clk 0:22:25]} 36. Qxf4
{[%clk 0:10:27]} Qa2 {[%clk 0:21:50]} 37. Nd2 {[%clk 0:09:02]} Qa7
{[%clk 0:20:33]} 38. Qe3 {[%clk 0:06:54]} Qe7 {[%clk 0:20:01]} 39. Nf3
{[%clk 0:05:02]} Qa7 {[%clk 0:16:58]} 40. Rd3 {[%clk 0:30:47]} Qa2
{[%clk 0:45:17]} 41. Qxc5 {[%clk 0:27:13]} Rxb3 {[%clk 0:43:24]} 42. Rd7
{[%clk 0:25:53]} Rxf3 {[%clk 0:38:01]} 43. Kxf3 {[%clk 0:25:59]} b3
{[%clk 0:37:57]} 44. Rxf7 {[%clk 0:21:03]} b2 {[%clk 0:38:10]} 45. Qf8
{[%clk 0:20:46]} Qa3+ {[%clk 0:37:37]} 46. Qxa3 {[%clk 0:21:04]} b1=Q
{[%clk 0:38:01]} 47. Qe7 {[%clk 0:20:19]} Qh1+ {[%clk 0:37:04]} 48. Kg3
{[%clk 0:19:18]} Qg1+ {[%clk 0:35:13]} 49. Kh4 {[%clk 0:19:25]} 1-0

[Event "WCO 2016"]
[Site "?"]
[Date "2016.09.11"]
[Round "9"]
[Board "5"]
[WhiteID "8700281"]
[White "Kayonde Andrew"]
[BlackID "11700394"]
[Black "Mohtaat Homayoun"]
[Result "0-1"]
[BlackElo "1655"]
[WhiteElo "2422"]
[LiveChessVersion "1.4.8"]

1. d4 {[%clk 1:30:29]} d6 {[%clk 1:30:51]} 2. Nf3 {[%clk 1:30:38]} Nf6
{[%clk 1:31:08]} 3. c4 {[%clk 1:29:06]} Bg4 {[%clk 1:28:56]} 4. Qb3
{[%clk 1:27:43]} Qc8 {[%clk 1:27:29]} 5. h3 {[%clk 1:24:47]} Bh5 {[%clk 1:27:38]}
6. Bf4 {[%clk 1:18:55]} c6 {[%clk 1:26:54]} 7. Nbd2 {[%clk 1:19:01]} e6
{[%clk 1:26:28]} 8. e4 {[%clk 1:16:04]} Be7 {[%clk 1:22:56]} 9. Bd3
{[%clk 1:15:51]} Na6 {[%clk 1:22:10]} 10. Rc1 {[%clk 1:14:55]} Nc7
{[%clk 1:15:51]} 11. Bg5 {[%clk 1:13:05]} Nd7 {[%clk 1:06:48]} 12. Bxe7
{[%clk 1:12:19]} Kxe7 {[%clk 1:05:01]} 13. Qa3 {[%clk 1:12:13]} c5
{[%clk 1:02:02]} 14. e5 {[%clk 1:12:34]} Ne8 {[%clk 0:51:56]} 15. b4
{[%clk 1:05:46]} cxd4 {[%clk 0:37:38]} 16. exd6+ {[%clk 1:05:49]} Nxd6
{[%clk 0:36:39]} 17. c5 {[%clk 1:06:01]} Ne8 {[%clk 0:31:45]} 18. b5
{[%clk 1:03:36]} Kd8 {[%clk 0:28:42]} 19. c6 {[%clk 1:03:25]} Ndf6
{[%clk 0:27:42]} 20. Nxd4 {[%clk 0:58:47]} Nd5 {[%clk 0:24:46]} 21. cxb7
{[%clk 0:58:38]} Qxb7 {[%clk 0:25:01]} 22. Nc6+ {[%clk 0:58:46]} Kd7
{[%clk 0:25:07]} 23. Ne4 {[%clk 0:59:04]} Qb6 {[%clk 0:23:43]} 24. Nc5+
{[%clk 0:58:50]} Kc7 {[%clk 0:23:39]} 25. Na4 {[%clk 0:59:04]} 0-1

[Event "WCO 2016"]
[Site "?"]
[Date "2016.09.11"]
[Round "9"]
[Board "6"]
[WhiteID "11700599"]
[White "Farazi Khaiber"]
[BlackID "8700443"]
[Black "Phiri Richmond"]
[Result "1-0"]
[BlackElo "2342"]
[WhiteElo "2097"]
[LiveChessVersion "1.4.8"]

1. d4 {[%clk 1:30:29]} Nf6 {[%clk 1:30:55]} 2. c4 {[%clk 1:30:41]} e6
{[%clk 1:31:19]} 3. Nf3 {[%clk 1:30:46]} b6 {[%clk 1:31:45]} 4. g3
{[%clk 1:30:06]} Bb7 {[%clk 1:27:43]} 5. Bg2 {[%clk 1:30:28]} Be7
{[%clk 1:28:02]} 6. Nc3 {[%clk 1:30:44]} O-O {[%clk 1:28:06]} 7. O-O
{[%clk 1:31:07]} d5 {[%clk 1:23:33]} 8. Ne5 {[%clk 1:26:58]} c6 {[%clk 1:15:32]}
9. cxd5 {[%clk 1:22:46]} cxd5 {[%clk 1:15:47]} 10. Bf4 {[%clk 1:14:37]} Nbd7
{[%clk 1:07:58]} 11. Rc1 {[%clk 1:08:59]} a6 {[%clk 1:01:12]} 12. Na4
{[%clk 0:58:04]} Nxe5 {[%clk 0:39:51]} 13. Bxe5 {[%clk 0:58:03]} Rc8
{[%clk 0:38:46]} 14. Rxc8 {[%clk 0:52:05]} Bxc8 {[%clk 0:39:09]} 15. Qc2
{[%clk 0:51:39]} Ne8 {[%clk 0:20:38]} 16. Nxb6 {[%clk 0:43:33]} Qxb6
{[%clk 0:16:54]} 17. Qxc8 {[%clk 0:43:45]} Nf6 {[%clk 0:14:49]} 18. Qc3
{[%clk 0:38:40]} Nd7 {[%clk 0:13:59]} 19. Bf4 {[%clk 0:37:34]} Bf6
{[%clk 0:13:48]} 20. e3 {[%clk 0:36:30]} g5 {[%clk 0:08:17]} 21. Bc7
{[%clk 0:36:25]} Qb7 {[%clk 0:08:43]} 22. Ba5 {[%clk 0:34:49]} Rc8
{[%clk 0:09:02]} 23. Qd2 {[%clk 0:32:51]} Qc6 {[%clk 0:07:40]} 24. Rd1
{[%clk 0:30:17]} Nb6 {[%clk 0:05:30]} 25. b3 {[%clk 0:30:35]} Nd7
{[%clk 0:05:39]} 26. Bf3 {[%clk 0:30:24]} Be7 {[%clk 0:05:10]} 27. Be2
{[%clk 0:29:20]} Nf6 {[%clk 0:04:12]} 28. Qd3 {[%clk 0:29:12]} Kg7
{[%clk 0:04:06]} 29. Be1 {[%clk 0:26:35]} g4 {[%clk 0:02:55]} 30. a4
{[%clk 0:25:50]} Rb8 {[%clk 0:01:23]} 31. Rb1 {[%clk 0:25:57]} Ra8
{[%clk 0:01:03]} 32. a5 {[%clk 0:25:42]} h5 {[%clk 0:01:03]} 33. b4
{[%clk 0:25:43]} Ne4 {[%clk 0:00:58]} 34. b5 {[%clk 0:24:25]} axb5
{[%clk 0:01:25]} 35. Qxb5 {[%clk 0:24:23]} Qxb5 {[%clk 0:00:52]} 36. Bxb5
{[%clk 0:24:25]} Nd6 {[%clk 0:00:56]} 37. Bc6 {[%clk 0:20:45]} Rc8
{[%clk 0:00:56]} 38. Bb7 {[%clk 0:20:29]} Nxb7 {[%clk 0:00:42]} 39. Rxb7
{[%clk 0:20:56]} Rc1 {[%clk 0:01:08]} 40. Kf1 {[%clk 0:50:17]} Bd6
{[%clk 0:30:43]} 41. a6 {[%clk 0:49:50]} Ra1 {[%clk 0:31:08]} 42. a7
{[%clk 0:49:55]} h4 {[%clk 0:26:25]} 43. gxh4 {[%clk 0:48:51]} Bxh2
{[%clk 0:26:39]} 44. Kg2 {[%clk 0:45:39]} Bd6 {[%clk 0:27:04]} 45. Rd7
{[%clk 0:45:38]} Bf8 {[%clk 0:27:13]} 46. h5 {[%clk 0:45:41]} Ra6
{[%clk 0:20:45]} 47. h6+ {[%clk 0:38:34]} Kxh6 {[%clk 0:21:05]} 48. Rxf7
{[%clk 0:38:53]} Bg7 {[%clk 0:21:03]} 49. Bb4 {[%clk 0:38:21]} e5
{[%clk 0:20:42]} 50. Bc5 {[%clk 0:37:58]} 1-0

[Event "WCO 2016"]
[Site "?"]
[Date "2016.09.11"]
[Round "9"]
[Board "7"]
[WhiteID "8700435"]
[White "Chumfwa Kelvin"]
[BlackID "11701293"]
[Black "Sair Soyar Ahmad"]
[Result "1-0"]
[BlackElo "1715"]
[WhiteElo "2240"]
[LiveChessVersion "1.4.8"]

1. d4 {[%clk 1:30:30]} d5 {[%clk 1:30:35]} 2. c4 {[%clk 1:30:19]} dxc4
{[%clk 1:30:31]} 3. Nf3 {[%clk 1:29:53]} Nf6 {[%clk 1:30:32]} 4. e3
{[%clk 1:29:41]} e6 {[%clk 1:29:26]} 5. Bxc4 {[%clk 1:29:28]} Bb4+
{[%clk 1:28:37]} 6. Nc3 {[%clk 1:28:37]} O-O {[%clk 1:28:20]} 7. O-O
{[%clk 1:27:20]} c6 {[%clk 1:26:59]} 8. Qe2 {[%clk 1:26:52]} Nbd7
{[%clk 1:26:08]} 9. e4 {[%clk 1:27:05]} h6 {[%clk 1:23:35]} 10. Bd2
{[%clk 1:21:07]} Re8 {[%clk 1:13:08]} 11. e5 {[%clk 1:20:01]} Nd5
{[%clk 1:10:58]} 12. Bd3 {[%clk 1:17:34]} Nf8 {[%clk 1:09:48]} 13. Nxd5
{[%clk 1:14:29]} Bxd2 {[%clk 1:08:55]} 14. Nf6+ {[%clk 1:14:40]} gxf6
{[%clk 1:08:49]} 15. Qxd2 {[%clk 1:14:57]} Kg7 {[%clk 1:07:23]} 16. exf6+
{[%clk 1:12:22]} Qxf6 {[%clk 1:07:30]} 17. Ne5 {[%clk 1:12:49]} Nd7
{[%clk 1:03:44]} 18. f4 {[%clk 1:12:53]} b6 {[%clk 0:50:33]} 19. f5
{[%clk 1:05:06]} Nxe5 {[%clk 0:44:25]} 20. dxe5 {[%clk 1:05:27]} Qg5
{[%clk 0:42:25]} 21. f6+ {[%clk 1:05:19]} Kh8 {[%clk 0:41:55]} 22. Qxg5
{[%clk 1:03:41]} hxg5 {[%clk 0:42:15]} 23. Rf3 {[%clk 1:04:01]} g4
{[%clk 0:38:20]} 24. Rf4 {[%clk 1:04:27]} Rg8 {[%clk 0:37:08]} 25. h3
{[%clk 1:04:15]} Bb7 {[%clk 0:30:59]} 26. hxg4 {[%clk 1:03:57]} Rad8
{[%clk 0:30:37]} 27. Rd1 {[%clk 0:56:23]} Rg5 {[%clk 0:28:22]} 28. Rf3
{[%clk 0:52:36]} Rd5 {[%clk 0:26:44]} 29. Rh3+ {[%clk 0:52:24]} Kg8
{[%clk 0:27:10]} 30. Kf2 {[%clk 0:47:53]} c5 {[%clk 0:22:46]} 31. Rdh1
{[%clk 0:47:44]} Kf8 {[%clk 0:21:02]} 32. Rh8+ {[%clk 0:47:57]} Rg8
{[%clk 0:21:20]} 33. Rxg8+ {[%clk 0:48:08]} Kxg8 {[%clk 0:21:46]} 34. Bh7+
{[%clk 0:48:22]} Kf8 {[%clk 0:21:18]} 35. Be4 {[%clk 0:48:36]} Ke8
{[%clk 0:21:22]} 36. Rh8+ {[%clk 0:48:58]} Kd7 {[%clk 0:21:13]} 37. Bxd5
{[%clk 0:49:19]} Bxd5 {[%clk 0:18:48]} 38. Rf8 {[%clk 0:49:42]} a5
{[%clk 0:17:53]} 39. Rxf7+ {[%clk 0:50:00]} Kd8 {[%clk 0:17:35]} 40. g5
{[%clk 1:20:03]} Be4 {[%clk 0:47:45]} 41. Rf8+ {[%clk 1:20:02]} Kd7
{[%clk 0:48:12]} 42. Rg8 {[%clk 1:20:14]} b5 {[%clk 0:48:10]} 43. f7
{[%clk 1:20:33]} 1-0

[Event "WCO 2016"]
[Site "?"]
[Date "2016.09.11"]
[Round "9"]
[Board "8"]
[WhiteID "11701200"]
[White "Moinzai Khushal"]
[BlackID "8700389"]
[Black "Simutowe Musatwe"]
[Result "1/2-1/2"]
[BlackElo "2178"]
[WhiteElo "1624"]
[LiveChessVersion "1.4.8"]

1. Nf3 {[%clk 1:30:24]} d5 {[%clk 1:30:45]} 2. d4 {[%clk 1:30:30]} Nf6
{[%clk 1:31:00]} 3. h3 {[%clk 1:30:03]} c5 {[%clk 1:29:52]} 4. e3
{[%clk 1:27:19]} Nc6 {[%clk 1:30:06]} 5. c4 {[%clk 1:25:52]} e6 {[%clk 1:29:12]}
6. a3 {[%clk 1:23:52]} dxc4 {[%clk 1:27:16]} 7. Bxc4 {[%clk 1:22:43]} a6
{[%clk 1:27:36]} 8. O-O {[%clk 1:22:15]} b5 {[%clk 1:27:58]} 9. Be2
{[%clk 1:21:41]} Bb7 {[%clk 1:22:19]} 10. dxc5 {[%clk 1:18:52]} Bxc5
{[%clk 1:22:41]} 11. b4 {[%clk 1:18:31]} Bb6 {[%clk 1:22:22]} 12. Qxd8+
{[%clk 1:17:43]} Rxd8 {[%clk 1:20:51]} 13. Bb2 {[%clk 1:14:53]} Ke7
{[%clk 1:21:07]} 14. Nc3 {[%clk 1:14:39]} Rc8 {[%clk 1:17:53]} 15. a4
{[%clk 1:08:18]} Nxb4 {[%clk 1:08:44]} 16. axb5 {[%clk 1:05:58]} axb5
{[%clk 1:08:47]} 17. Nxb5 {[%clk 1:04:14]} Nbd5 {[%clk 1:02:22]} 18. Ba3+
{[%clk 1:02:26]} Bc5 {[%clk 1:02:26]} 19. Na7 {[%clk 1:02:28]} Rc7
{[%clk 1:02:23]} 20. Nb5 {[%clk 1:02:31]} Rcc8 {[%clk 1:01:33]} 21. Na7
{[%clk 0:59:33]} Rc7 {[%clk 1:01:31]} 22. Nb5 {[%clk 0:59:36]} Rcc8
{[%clk 0:03:26]} 23. Na7 {[%clk 0:57:35]} Rc7 {[%clk 0:01:08]} 24. Nb5
{[%clk 0:54:25]} Rcc8 {[%clk 0:00:36]} 25. Na7 {[%clk 0:54:20]} Rc7
{[%clk 0:00:33]} 26. Nb5 {[%clk 0:54:37]} 1/2-1/2

[Event "WCO 2016"]
[Site "?"]
[Date "2016.09.11"]
[Round "9"]
[Board "5"]
[WhiteID "10601457"]
[White "Amin Bassem"]
[BlackID "32500084"]
[Black "Rehan Deng Cypriano"]
[Result "1-0"]
[BlackElo "1899"]
[WhiteElo "2661"]
[LiveChessVersion "1.4.8"]

1. Nf3 {[%clk 1:28:51]} Nf6 {[%clk 1:30:52]} 2. g3 {[%clk 1:29:13]} g6
{[%clk 1:31:11]} 3. b3 {[%clk 1:29:26]} Bg7 {[%clk 1:31:15]} 4. Bb2
{[%clk 1:29:52]} b6 {[%clk 1:31:23]} 5. Bg2 {[%clk 1:30:11]} Bb7 {[%clk 1:31:41]}
6. c4 {[%clk 1:28:15]} O-O {[%clk 1:31:15]} 7. d4 {[%clk 1:27:47]} d6
{[%clk 1:30:50]} 8. O-O {[%clk 1:27:58]} Nbd7 {[%clk 1:31:10]} 9. d5
{[%clk 1:25:57]} c6 {[%clk 1:28:53]} 10. dxc6 {[%clk 1:20:00]} Bxc6
{[%clk 1:29:13]} 11. Nc3 {[%clk 1:20:14]} Ne4 {[%clk 1:19:28]} 12. Rc1
{[%clk 1:19:56]} Nxc3 {[%clk 1:18:15]} 13. Bxc3 {[%clk 1:20:19]} Nf6
{[%clk 1:18:20]} 14. Re1 {[%clk 1:17:17]} Qc7 {[%clk 1:07:33]} 15. Qc2
{[%clk 1:14:21]} Be4 {[%clk 0:58:14]} 16. Qb2 {[%clk 1:14:39]} Rac8
{[%clk 0:57:42]} 17. Bh3 {[%clk 1:14:29]} Rb8 {[%clk 0:53:47]} 18. Nd2
{[%clk 1:13:49]} Bb7 {[%clk 0:53:23]} 19. e4 {[%clk 1:13:59]} e5 {[%clk 0:51:20]}
20. Qc2 {[%clk 1:12:33]} Rfe8 {[%clk 0:47:21]} 21. a4 {[%clk 1:10:08]} h5
{[%clk 0:44:06]} 22. Nb1 {[%clk 1:08:33]} a5 {[%clk 0:33:56]} 23. Bd2
{[%clk 1:00:32]} Bc6 {[%clk 0:25:14]} 24. Nc3 {[%clk 1:00:51]} Qb7
{[%clk 0:24:34]} 25. Rcd1 {[%clk 0:55:22]} Nd7 {[%clk 0:20:37]} 26. Bg5
{[%clk 0:54:49]} f6 {[%clk 0:16:09]} 27. Be3 {[%clk 0:51:27]} Bf8
{[%clk 0:15:44]} 28. Bxd7 {[%clk 0:48:44]} Qxd7 {[%clk 0:15:06]} 29. Nd5
{[%clk 0:48:47]} Bxd5 {[%clk 0:13:24]} 30. Rxd5 {[%clk 0:49:09]} Rec8
{[%clk 0:13:20]} 31. Rb5 {[%clk 0:47:48]} Rc5 {[%clk 0:10:47]} 32. Bxc5
{[%clk 0:47:53]} dxc5 {[%clk 0:10:53]} 33. Rd1 {[%clk 0:48:14]} Qc6
{[%clk 0:09:26]} 34. Qd3 {[%clk 0:47:28]} Be7 {[%clk 0:07:04]} 35. Qd5+
{[%clk 0:46:10]} Qxd5 {[%clk 0:07:17]} 36. Rxd5 {[%clk 0:46:37]} Kf8
{[%clk 0:04:18]} 37. Kf1 {[%clk 0:46:52]} Ke8 {[%clk 0:03:55]} 38. Ke2
{[%clk 0:47:20]} Rb7 {[%clk 0:04:10]} 39. f4 {[%clk 0:47:28]} exf4
{[%clk 0:03:50]} 40. gxf4 {[%clk 1:17:56]} Bd8 {[%clk 0:33:45]} 41. Rdxc5
{[%clk 1:17:21]} Re7 {[%clk 0:33:47]} 42. Rc8 {[%clk 1:17:42]} Kd7
{[%clk 0:31:27]} 43. Ra8 {[%clk 1:18:00]} Bc7 {[%clk 0:31:24]} 44. Kf3
{[%clk 1:18:11]} Rg7 {[%clk 0:29:43]} 45. Rd5+ {[%clk 1:18:32]} Kc6
{[%clk 0:28:10]} 46. Rf8 {[%clk 1:18:53]} f5 {[%clk 0:27:46]} 47. e5
{[%clk 1:19:16]} g5 {[%clk 0:26:18]} 48. fxg5 {[%clk 1:19:36]} Rxg5
{[%clk 0:25:55]} 49. e6 {[%clk 1:19:51]} Bd6 {[%clk 0:24:44]} 50. Rc8+
{[%clk 1:20:04]} Kb7 {[%clk 0:24:46]} 51. Rd8 {[%clk 1:20:31]} Bb4
{[%clk 0:24:27]} 52. c5 {[%clk 1:20:52]} 1-0